<?xml version="1.0" encoding="UTF-8"?><?xml-stylesheet type="text/xsl" href="static/style.xsl"?><OAI-PMH xmlns="http://www.openarchives.org/OAI/2.0/" xmlns:xsi="http://www.w3.org/2001/XMLSchema-instance" xsi:schemaLocation="http://www.openarchives.org/OAI/2.0/ http://www.openarchives.org/OAI/2.0/OAI-PMH.xsd"><responseDate>2026-06-03T01:34:35Z</responseDate><request verb="GetRecord" identifier="oai:riuma.uma.es:10630/40073" metadataPrefix="marc">https://riuma.uma.es/rest/oai/request</request><GetRecord><record><header><identifier>oai:riuma.uma.es:10630/40073</identifier><datestamp>2026-02-03T11:36:23Z</datestamp><setSpec>com_10630_2254</setSpec><setSpec>col_10630_37953</setSpec></header><metadata><record xmlns="http://www.loc.gov/MARC21/slim" xmlns:dcterms="http://purl.org/dc/terms/" xmlns:doc="http://www.lyncode.com/xoai" xmlns:xsi="http://www.w3.org/2001/XMLSchema-instance" xsi:schemaLocation="http://www.loc.gov/MARC21/slim http://www.loc.gov/standards/marcxml/schema/MARC21slim.xsd">
   <leader>00925njm 22002777a 4500</leader>
   <datafield ind2=" " ind1=" " tag="042">
      <subfield code="a">dc</subfield>
   </datafield>
   <datafield ind2=" " ind1=" " tag="720">
      <subfield code="a">Serna-Ortega, Álvaro</subfield>
      <subfield code="e">author</subfield>
   </datafield>
   <datafield ind2=" " ind1=" " tag="720">
      <subfield code="a">Moreno-Cabanillas, Andrea</subfield>
      <subfield code="e">author</subfield>
   </datafield>
   <datafield ind2=" " ind1=" " tag="720">
      <subfield code="a">Castillo-Esparcia, Antonio</subfield>
      <subfield code="e">author</subfield>
   </datafield>
   <datafield ind2=" " ind1=" " tag="260">
      <subfield code="c">2025-08-04</subfield>
   </datafield>
   <datafield ind2=" " ind1=" " tag="520">
      <subfield code="a">Introducción: La forma en que la sociedad percibe un lobby es fundamental para determinar su potencial influencia. En este sentido, el objetivo de la presente investigación es explorar la percepción pública de los grupos  de  presión  en  España  en  función  de  tres  criterios:  atributos  asociados  a  sus  actividades,  tipos  de  organización  e  intereses  defendidos  (O1).  Además,  se  pretende  analizar  la  influencia  de  cinco  variables  sociodemográficas  en  la  percepción  de  los  lobbies:  género,  edad,  ideología,  nivel  económico  y  educación  (O2).  Metodología: El  enfoque  es  cuantitativo  y  exploratorio.  La  recopilación  de  datos  incluye  418  cuestionarios,  mientras  que  el  análisis  de  datos  abarca  una  serie  de  procedimientos  estadísticos,  como  el  análisis de varianza, las regresiones logísticas binarias y el análisis de los coeficientes de regresión B, entre otros.Resultados: El  análisis  de  los  resultados  revela  un  panorama  polarizado,  en  el  que  la  percepción  pública de los lobbies es predominantemente negativa, especialmente en lo que respecta a su transparencia y  ética.  No  obstante,  las  respuestas  tienden  a  ser  más  neutras  o  incluso  ligeramente  positivas  en  determinados  casos,  como  en  el  de  las  organizaciones  que  defienden  intereses  sociales.  En  cuanto  a  la  influencia  de  las  variables  sociodemográficas,las  personas  con  ideología  de  derechas,  mayor  nivel  económico  y  estudios  superiores  tienden  a  tener  una  percepción  más  positiva  de  los  lobbies.  Discusión  y  conclusiones: Estos resultados contribuyen a explicar uno de los factores que más influyen en la capacidad de los grupos de presión para influir en la elaboración de políticas y subrayan la importancia de atender a las preocupaciones de los ciudadanos para aumentar la transparencia y la legitimidad de sus actividades.</subfield>
   </datafield>
   <datafield ind1="8" ind2=" " tag="024">
      <subfield code="a">Serna-Ortega, Á., Moreno-Cabanillas, A., &amp; Castillo-Esparcia, A. (2025). Lobbies, comunicación y percepción pública en España: caracterización e influencias sociodemográficas. Revista Latina de Comunicación Social, 84, 1–24. https://doi.org/10.4185/rlcs-2026-2538</subfield>
   </datafield>
   <datafield ind1="8" ind2=" " tag="024">
      <subfield code="a">https://hdl.handle.net/10630/40073</subfield>
   </datafield>
   <datafield ind1="8" ind2=" " tag="024">
      <subfield code="a">10.4185/RLCS-2026-2538</subfield>
   </datafield>
   <datafield tag="653" ind2=" " ind1=" ">
      <subfield code="a">Grupos de presión - Opinión pública - España</subfield>
   </datafield>
   <datafield tag="653" ind2=" " ind1=" ">
      <subfield code="a">Comunicación en política</subfield>
   </datafield>
   <datafield ind2="0" ind1="0" tag="245">
      <subfield code="a">Lobbies, comunicación y percepción pública en España: caracterización e influencias sociodemográficas</subfield>
   </datafield>
</record>
</metadata></record></GetRecord></OAI-PMH>